000 00559nam a2200169 a 4500
001 000037914
005 20201002031133.0
008 130308s2012 dr 000 0 spa d
020 _a9789945165128
040 _aDO-SdBNP
_bspa
_cBNPHU
100 1 _aPereyra, Héctor
_cTito
_964354
245 1 0 _a¡Señor Presidente! :
_blos herederos del triunfo /
_cHéctor Pereyra.
260 _aSanto Domingo :
_bBúho,
_c2012.
300 _a163 p. ;
_c24 cm.
500 _aIncluye datos biográficos del autor en las solapas
500 _aIncluye notas al pie de las páginas
999 _c37404
_d37404